Cooperative development,peace and security in South Asia / (Record no. 40889)

MARC details
000 -LEADER
fixed length control field 00906nam a22002417a 4500
005 - DATE AND TIME OF LATEST TRANSACTION
control field 20100811113812.0
010 ## - LCCN (DPL NO)
LC control number ENG-99194
020 ## - INTERNATIONAL STANDARD BOOK NUMBER
International Standard Book Number 8185835551
Terms of availability 360.00
035 ## - SYSTEM CONTROL NUMBER
System control number EN-82726
037 ## - SOURCE OF ACQUISITION
Source of stock number/acquisition DBAD/PUB
082 ## - DEWEY DECIMAL CLASSIFICATION NUMBER
Classification number 337.154
245 ## - TITLE STATEMENT
Title Cooperative development,peace and security in South Asia /
Statement of responsibility, etc edited by Neetu gaur [and] Vijay Laxmi
260 ## - PUBLICATION, DISTRIBUTION, ETC. (IMPRINT)
Place of publication, distribution, etc Chandigarh
Name of publisher, distributor, etc Centre for Research in Rural and Industrial Development
Date of publication, distribution, etc 2009
270 ## - ADDRESS
Address 19A-,Madhya Marg,Chandigarh
City Chandigarh
Postal code 160002
300 ## - PHYSICAL DESCRIPTION
Extent xvi,144p.
Other physical details 23cm (pbk)
650 ## - SUBJECT ADDED ENTRY--TOPICAL TERM
Topical term or geographic name as entry element Commerce
650 ## - SUBJECT ADDED ENTRY--TOPICAL TERM
Topical term or geographic name as entry element International economic integration
650 ## - SUBJECT ADDED ENTRY--TOPICAL TERM
Topical term or geographic name as entry element Political Science
700 ## - ADDED ENTRY--PERSONAL NAME
9 (RLIN) 10603
700 ## - ADDED ENTRY--PERSONAL NAME
9 (RLIN) 10604
942 ## - ADDED ENTRY ELEMENTS (KOHA)
Source of classification or shelving scheme Dewey Decimal Classification
Item type English Books
Classification part 337.154
Call number suffix COO
Holdings
Withdrawn status Lost status Not for loan Collection code Home library Current library Date acquired Source of acquisition Cost, normal purchase price Full call number Barcode Copy number Cost, replacement price Koha item type
    Not For Loan Non-fiction D.B.Act.Division D.B.Act.Division 11/08/2010 DBAD/PUB 360.00 337.154 COO EN-82726 1 360.00 English Books

© Delhi Public Library
Hit Counter
free hit counter